| 000 | 00411nam a2200169Ia 4500 | ||
|---|---|---|---|
| 005 | 20250423101417.0 | ||
| 008 | 250422s9999 xx 000 0 und d | ||
| 020 | _a0394436008 | ||
| 050 | _aPE 1625 .R29/ | ||
| 245 | 4 | _aThe random house college dictionary | |
| 260 | _aNew York | ||
| 260 | _bRandom House | ||
| 260 | _c1979 | ||
| 300 | _a1568 p | ||
| 650 | _aEnglish language--Dictionaries. | ||
| 942 | _cBK | ||
| 999 |
_c36227 _d36227 |
||